Encara parlen les besties / per en Manel Folch y Torres ; ab ilustracions den J. Llaverias
Descripción Física:
98 p. : il. ; 22,6 cm
Colección:
Biblioteca Patufet ; 7
Otros Autores:
Llaverias, Joan
Materias:
Contes infantils
MARC
| LEADER | 00000nam a2200000Ia 4500 | ||
|---|---|---|---|
| 001 | 13189 | ||
| 008 | 160829s1909 xx 000 0 cat d | ||
| 080 | |a L-1-357 | ||
| 100 | |a Folch i Torres, Manuel |9 37234 | ||
| 245 | |a Encara parlen les besties / per en Manel Folch y Torres ; ab ilustracions den J. Llaverias | ||
| 260 | |a Barcelona : |b J. Baguñà, |c 1909 | ||
| 300 | |a 98 p. : |b il. ; |c 22,6 cm | ||
| 490 | |a Biblioteca Patufet ; 7 | ||
| 590 | |a Conté : Endressa ; El grill, la granota, el gripau, el mussol y la lluerna ; La garsa y les formigues ; L'ànech presumptuós ; El llop, la ovella y els cans d'atura ; La sargantana, el caragol y el gall de la passió ; El rossinyol, el gaig y els moixons de verneda ; El mico sabi, els avestrussos y el pelicàn ; els taups y l'esquirol | ||
| 655 | 0 | |a Contes infantils |9 67183 | |
| 700 | |a Llaverias, Joan |9 37235 | ||
| 901 | |a Arxiu | ||
| 942 | |n 1 | ||
| 952 | |0 0 |1 0 |4 0 |6 L1357 |7 1 |9 47758 |a Arxiu |b Arxiu |d 2016-12-01 |l 0 |o L-1-357 |p 13189 |r 2016-12-01 00:00:00 |w 2016-12-01 |y ARXIU | ||
| 999 | |c 51557 |d 51557 | ||